000 00615nab a2200157 4500
003 ES-SlBCS
005 20210327231206.0
008 141106s2014 br ||||| |||| 00| 0 por d
040 _aES-SlBCS
_bspa
100 1 _aGomes Ferreira, António
_9406990
245 1 0 _aPráticas pedagógicas do professor de educaçao física
_b: Entre a formaçao e o contexto vivido
_cAntónio Gomes Ferreira ; José António Moreira
650 0 4 _aEducación Física
_9106336
700 1 _aMoreira, José António
_9406991
773 0 _gVol. 28, Nº 56, 2014, págs. 857-885
_tEducaçao e Filosofia
_wRev1534
_x0102-6801
942 _2lcc
_cAR
999 _c849507
_d849507